|
|
|
|
| LEADER |
01498nam a22003854a 4500 |
| 001 |
EBC3300242 |
| 003 |
MiAaPQ |
| 005 |
20200520144314.0 |
| 006 |
m o d | |
| 007 |
cr cn||||||||| |
| 008 |
040914s2005 mau sb 001 0 eng |
| 010 |
|
|
|z 2004054334
|
| 020 |
|
|
|z 067401698X (alk. paper)
|
| 035 |
|
|
|a (MiAaPQ)EBC3300242
|
| 035 |
|
|
|a (Au-PeEL)EBL3300242
|
| 035 |
|
|
|a (CaPaEBR)ebr10314252
|
| 035 |
|
|
|a (OCoLC)923109812
|
| 040 |
|
|
|a MiAaPQ
|c MiAaPQ
|d MiAaPQ
|
| 043 |
|
|
|a e-ge---
|
| 050 |
|
4 |
|a HC290.795.C6
|b L36 2005
|
| 100 |
1 |
|
|a Landsman, Mark,
|d 1966-
|
| 245 |
1 |
0 |
|a Dictatorship and demand
|h [electronic resource] :
|b the politics of consumerism in East Germany /
|c Mark Landsman.
|
| 260 |
|
|
|a Cambridge, MA :
|b Harvard University Press,
|c 2005.
|
| 300 |
|
|
|a xii, 296 p.
|
| 490 |
1 |
|
|a Harvard historical studies ;
|v 147
|
| 504 |
|
|
|a Includes bibliographical references (p. 223-287) and index.
|
| 533 |
|
|
|a Electronic reproduction. Ann Arbor, MI : ProQuest, 2015. Available via World Wide Web. Access may be limited to ProQuest affiliated libraries.
|
| 650 |
|
0 |
|a Consumption (Economics)
|z Germany (East)
|
| 650 |
|
0 |
|a Socialism
|z Germany (East)
|
| 651 |
|
0 |
|a Germany (East)
|x Economic conditions.
|
| 651 |
|
0 |
|a Germany (East)
|x Politics and government.
|
| 655 |
|
4 |
|a Electronic books.
|
| 710 |
2 |
|
|a ProQuest (Firm)
|
| 830 |
|
0 |
|a Harvard historical studies ;
|v 147.
|
| 856 |
4 |
0 |
|u https://ebookcentral.proquest.com/lib/matrademy/detail.action?docID=3300242
|z Click to View
|